000 00452nam a2200169Ia 4500
005 20250923144734.0
008 008 250917s9999 xx 000 0 eng d
037 _aTextual
040 _aDSWL
_beng
_cDSWL
041 _aeng
_2eng
084 _qDSWL
245 0 _aIndonesian town: Studies in Urban Sociology
260 _aHoeve
_bHague & Bandurg W. Van Hoeve Ltd.
_c1958
300 _axxxiv,382p.
942 _cTEXL
999 _c1442717
_d1442717